| 000 | 00665nam a2200181 i 4500 | ||
|---|---|---|---|
| 001 | 115679 | ||
| 003 | ES-MaACL | ||
| 005 | 20251014063147.0 | ||
| 007 | t| | ||
| 008 | 070426s1867 sp ||||1| spa d | ||
| 100 | 1 |
_aJacquot, André-Eugène, _d1817-1903 _9151057 |
|
| 245 | 1 | 0 |
_aBosquejo geológico de la serranía de Cuenca / _cpor M. E. Jacquot. |
| 260 |
_a[S.l. : _bs.n., _c1867] |
||
| 300 |
_ap. [399-600], [617-632] ; _c23 cm. |
||
| 500 | _aSeparata de: Revista Minera: periódico científico e industrial, tomo XVIII, nº 413, 15 de agosto de 1867 y nº 417, 15 de octubre de 1867. | ||
| 852 |
_aES-MaACL _jT-1104-F-9 |
||
| 999 |
_c115679 _d115679 |
||